| 000 | 00408nam a2200145Ia 4500 | ||
|---|---|---|---|
| 008 | 210210b1987 xxu||||| |||| 00| 0 eng d | ||
| 082 | _a330.15 DESAI | ||
| 100 | _aDESAI (S S M). | ||
| 245 | _aDevelopment of Indian economic thought. | ||
| 260 |
_aBombay _bHimalaya Publishing House _c1987 |
||
| 300 | _axii,298 | ||
| 650 | _aModern Indians political thought | ||
| 690 | _aEconomic Thought | ||
| 906 | _a041909 | ||
| 999 |
_c91603 _d91603 |
||